[Event "Sevastopol Waltz Rapid"]
[Site "Sevastopol"]
[Date "2021.08.26"]
[Round "2"]
[White "Khegay, Dmitriy"]
[Black "Ruchieva, Natalia"]
[Result "1-0"]
[WhiteElo "2528"]
[BlackElo "2135"]
[PlyCount "55"]
[EventDate "2021.08.26"]
[EventType "swiss (rapid)"]
[EventRounds "9"]
[EventCountry "UKR"]
[SourceTitle "CBM 204 Extra"]
[Source "ChessBase"]
[SourceDate "2021.11.30"]
[SourceVersion "1"]
[SourceVersionDate "2021.11.30"]
[SourceQuality "1"]

1. e4 d5 2. exd5 Qxd5 3. Nc3 Qa5 4. d4 Nf6 5. Bc4 Bf5 6. Bd2 c6 7. Nd5 Qd8 8. Nxf6+ gxf6 9. Nf3 e6 10. Qe2 Nd7 11. d5 cxd5 12. Bxd5 Qc7 13. 0-0 0-0-0 14. Be4 Bxe4 15. Qxe4 Bd6 16. Be3 Kb8 17. Rfd1 Bc5 18. Bxc5 Nxc5 19. Qc4 f5 20. g3 Ne4 21. Qxc7+ Kxc7 22. Nd4 a6 23. f3 Nc5 24. Ne2 e5 25. Kf2 Ne6 26. c4 Kc6 27. Nc3 Nd4 28. Nd5 1-0

[Event "Cheliabinsk Panchenko Memorial op-B"]
[Site "Cheliabinsk"]
[Date "2020.09.11"]
[Round "5"]
[White "Ruchieva, Natalia"]
[Black "Darmaeva, Nomina"]
[Result "1-0"]
[WhiteElo "2178"]
[BlackElo "1596"]
[PlyCount "41"]
[EventDate "2020.09.07"]
[EventType "swiss"]
[EventRounds "9"]
[EventCountry "RUS"]
[SourceTitle "CBM 198 Extra"]
[Source "ChessBase"]
[SourceDate "2020.11.30"]
[SourceVersion "1"]
[SourceVersionDate "2020.11.30"]
[SourceQuality "1"]

1. e4 e5 2. Nf3 Nc6 3. Nc3 Nf6 4. d4 exd4 5. Nxd4 Bb4 6. Nxc6 bxc6 7. Bd3 d5 8. exd5 cxd5 9. 0-0 0-0 10. Bg5 c6 11. Qf3 Be7 12. Rfe1 Be6 13. Ne2 Qd7 14. Nd4 Bg4 15. Rxe7 Bxf3 16. Rxd7 Nxd7 17. Nxf3 Rfe8 18. b4 a5 19. b5 c5 20. h3 a4 21. a3 1-0

[Event "Cheliabinsk December Evenings-A"]
[Site "Cheliabinsk"]
[Date "2019.12.22"]
[Round "9"]
[White "Ruchieva, Natalia"]
[Black "Prudnikova, Svetlana"]
[Result "1/2-1/2"]
[WhiteElo "2204"]
[BlackElo "2220"]
[PlyCount "24"]
[EventDate "2019.12.14"]
[EventType "tourn"]
[EventRounds "9"]
[EventCountry "RUS"]
[SourceTitle "CBM 194 Extra"]
[Source "ChessBase"]
[SourceDate "2020.03.31"]
[SourceVersion "1"]
[SourceVersionDate "2020.03.31"]
[SourceQuality "1"]

1. e4 e5 2. Nf3 Nc6 3. Bc4 Bc5 4. d3 Nf6 5. 0-0 d6 6. c3 0-0 7. h3 a6 8. Bb3 Be6 9. Nbd2 Bxb3 10. Nxb3 Ba7 11. Re1 h6 12. Be3 Bxe3 1/2-1/2

[Event "Cheliabinsk December Evenings-A"]
[Site "Cheliabinsk"]
[Date "2019.12.19"]
[Round "6"]
[White "Ruchieva, Natalia"]
[Black "Khokhlova, Daria"]
[Result "1/2-1/2"]
[WhiteElo "2204"]
[BlackElo "2208"]
[PlyCount "74"]
[EventDate "2019.12.14"]
[EventType "tourn"]
[EventRounds "9"]
[EventCountry "RUS"]
[SourceTitle "CBM 194 Extra"]
[Source "ChessBase"]
[SourceDate "2020.03.31"]
[SourceVersion "1"]
[SourceVersionDate "2020.03.31"]
[SourceQuality "1"]

1. e4 c5 2. c3 g6 3. d4 cxd4 4. cxd4 d5 5. e5 Bg7 6. Nf3 Nh6 7. h3 0-0 8. Be2 Nc6 9. Nc3 f6 10. exf6 exf6 11. 0-0 Be6 12. Bf4 Nf7 13. Re1 Re8 14. Bb5 Nd6 15. Qa4 Qd7 16. Rac1 Rec8 17. Qd1 Nxb5 18. Nxb5 Bf8 19. Nc7 Rxc7 20. Bxc7 Bxh3 21. gxh3 Qxc7 22. Qe2 Qd7 23. Qe6+ Qxe6 24. Rxe6 Kf7 25. Re2 Re8 26. Rxe8 Kxe8 27. Kf1 Kd7 28. Ke2 g5 29. a3 h5 30. Kd3 Bd6 31. Ng1 Ne7 32. Ne2 Ng6 33. Rh1 Bc7 34. Ke3 f5 35. f3 Nf4 36. Nxf4 Bxf4+ 37. Kd3 h4 1/2-1/2

[Event "Cheliabinsk Kibizov Memorial-A"]
[Site "Cheliabinsk"]
[Date "2019.06.29"]
[Round "9"]
[White "Prudnikova, Svetlana"]
[Black "Ruchieva, Natalia"]
[Result "1/2-1/2"]
[WhiteElo "2234"]
[BlackElo "2272"]
[PlyCount "26"]
[EventDate "2019.06.21"]
[EventType "tourn"]
[EventRounds "9"]
[EventCountry "RUS"]
[SourceTitle "EXT 2020"]
[Source "ChessBase"]
[SourceDate "2019.10.17"]
[SourceVersion "1"]
[SourceVersionDate "2019.10.17"]
[SourceQuality "1"]

1. d4 d5 2. c4 e6 3. Nc3 Nf6 4. Nf3 c6 5. e3 Nbd7 6. Bd3 dxc4 7. Bxc4 b5 8. Bd3 b4 9. Ne4 Be7 10. 0-0 Bb7 11. Nxf6+ Nxf6 12. e4 0-0 13. e5 Nd7 1/2-1/2

[Event "RUS-ch rapid (Women)"]
[Site "Sochi"]
[Date "2018.10.05"]
[Round "3.1"]
[White "Ruchieva, Natalia"]
[Black "Voit, Daria"]
[Result "0-1"]
[WhiteElo "2281"]
[BlackElo "2352"]
[PlyCount "98"]
[EventDate "2018.10.05"]
[EventType "swiss (rapid)"]
[EventRounds "11"]
[EventCountry "RUS"]
[SourceTitle "CBM 186 Extra"]
[Source "ChessBase"]
[SourceDate "2018.08.24"]
[SourceVersion "1"]
[SourceVersionDate "2018.08.24"]
[SourceQuality "1"]

1. e4 c5 2. c3 d5 3. exd5 Qxd5 4. Nf3 Nf6 5. d4 e6 6. Be3 cxd4 7. Qxd4 Nc6 8. Qxd5 Nxd5 9. Bd4 Nxd4 10. Nxd4 Bc5 11. Bb5+ Ke7 12. Nb3 Bb6 13. N1d2 a6 14. Bc4 Nf4 15. 0-0 Bd7 16. g3 Ng6 17. Nf3 Rac8 18. Bd3 Bc6 19. Nfd4 Bd5 20. Rfe1 Rhd8 21. Bf1 Kf6 22. Bg2 Ne5 23. Bxd5 Rxd5 24. f4 Nf3+ 25. Kg2 Nxe1+ 26. Rxe1 Bxd4 27. Nxd4 Rxd4 28. cxd4 Rc2+ 29. Kh3 Rxb2 30. a3 Rb3 31. Ra1 Kf5 32. a4 Rb4 33. Rc1 Rxa4 34. Rc7 b5 35. Rxf7+ Kg6 36. Rd7 a5 37. d5 exd5 38. Rxd5 Rb4 39. Rd6+ Kf5 40. Rd7 Kf6 41. Rd6+ Ke7 42. Ra6 a4 43. Ra7+ Kf6 44. Ra6+ Kf5 45. Ra7 g6 46. Rf7+ Ke6 47. Rxh7 a3 48. Ra7 Ra4 49. Rb7 a2 0-1

[Event "UKR tt (Women)"]
[Site "Alushta"]
[Date "2003.??.??"]
[Round "7"]
[White "Kononenko, Tatiana"]
[Black "Ruchieva, Natalia"]
[Result "1-0"]
[WhiteElo "2373"]
[BlackElo "2228"]
[PlyCount "37"]
[EventDate "2003.??.??"]
[EventType "team"]
[EventRounds "7"]
[EventCountry "UKR"]
[SourceTitle "EXT 2005"]
[Source "ChessBase"]
[SourceDate "2004.11.15"]
[SourceVersion "1"]
[SourceVersionDate "2004.11.15"]
[SourceQuality "1"]

1. d4 d5 2. c4 dxc4 3. e3 Nf6 4. Bxc4 e6 5. Nf3 c5 6. 0-0 a6 7. e4 Nxe4 8. d5 f6 9. Re1 Nd6 10. Bd3 c4 11. Bc2 Be7 12. dxe6 0-0 13. Nc3 Nc6 14. Nd5 b5 15. Bf4 Ne8 16. Nh4 g6 17. Nxg6 hxg6 18. Bxg6 Ng7 19. Bc7 1-0

[Event "UKR tt (Women)"]
[Site "Alushta"]
[Date "2003.??.??"]
[Round "6"]
[White "Ruchieva, Natalia"]
[Black "Goreskul, Alyona"]
[Result "1-0"]
[WhiteElo "2228"]
[BlackElo "2209"]
[PlyCount "101"]
[EventDate "2003.??.??"]
[EventType "team"]
[EventRounds "7"]
[EventCountry "UKR"]
[SourceTitle "EXT 2005"]
[Source "ChessBase"]
[SourceDate "2004.11.15"]
[SourceVersion "1"]
[SourceVersionDate "2004.11.15"]
[SourceQuality "1"]

1. e4 e5 2. Nf3 Nf6 3. Nxe5 d6 4. Nf3 Nxe4 5. d4 d5 6. Bd3 Bd6 7. 0-0 0-0 8. c4 c6 9. h3 Bf5 10. Nc3 Nxc3 11. bxc3 Bxd3 12. Qxd3 dxc4 13. Qxc4 Nd7 14. Qd3 h6 15. Rb1 b6 16. Rd1 Nf6 17. c4 Re8 18. Bb2 Nh5 19. Ne5 Bxe5 20. dxe5 Qxd3 21. Rxd3 Nf4 22. Rd6 c5 23. Rbd1 Ne6 24. g3 Red8 25. R6d5 Kf8 26. Kg2 Ke8 27. Kf3 Nc7 28. Rd6 Ke7 29. Ke4 Ne8 30. R6d5 Nc7 31. Rd6 Ne8 32. Rxd8 Rxd8 33. Rxd8 Kxd8 34. f4 Kd7 35. g4 Nc7 36. f5 Ne8 37. h4 Ke7 38. Kd5 Kd7 39. Bc1 Nc7+ 40. Ke4 Ke7 41. Bf4 Ne8 42. Kd5 Kd7 43. h5 Nc7+ 44. Ke4 Ne8 45. f6 gxf6 46. Bxh6 Ke6 47. Bf4 fxe5 48. Bxe5 f6 49. Bb8 a6 50. a4 Kf7 51. Kd5 1-0

[Event "UKR tt (Women)"]
[Site "Alushta"]
[Date "2003.??.??"]
[Round "4"]
[White "Ruchieva, Natalia"]
[Black "Zhukova, Natalia"]
[Result "1/2-1/2"]
[WhiteElo "2228"]
[BlackElo "2430"]
[PlyCount "64"]
[EventDate "2003.??.??"]
[EventType "team"]
[EventRounds "7"]
[EventCountry "UKR"]
[SourceTitle "EXT 2005"]
[Source "ChessBase"]
[SourceDate "2004.11.15"]
[SourceVersion "1"]
[SourceVersionDate "2004.11.15"]
[SourceQuality "1"]

1. e4 e6 2. d4 d5 3. Nc3 Nf6 4. Bg5 Bb4 5. e5 h6 6. Bd2 Bxc3 7. bxc3 Ne4 8. Bd3 Nxd2 9. Qxd2 c5 10. f4 Nc6 11. Nf3 Qa5 12. c4 Qxd2+ 13. Kxd2 dxc4 14. Bxc4 Nxd4 15. Nxd4 cxd4 16. Kd3 b6 17. Kxd4 Bb7 18. Rhg1 Ke7 19. Ke3 Rac8 20. Bd3 Rc5 21. g3 Ra5 22. Rgb1 Rc8 23. Rb4 Ra3 24. Rb3 Ra4 25. a3 Rc5 26. Rb4 Rca5 27. Rxa4 Rxa4 28. Kd2 g5 29. c4 Ra5 30. Kc3 g4 31. Kb4 Bf3 32. Re1 Rc5 1/2-1/2

[Event "UKR-chT 7th"]
[Site "Alushta"]
[Date "1999.04.??"]
[Round "6"]
[White "Anapolsky, Sergey"]
[Black "Ruchieva, Natalia"]
[Result "1-0"]
[WhiteElo "2450"]
[BlackElo "2305"]
[PlyCount "91"]
[EventDate "1999.04.03"]
[EventType "team-swiss"]
[EventRounds "10"]
[EventCountry "UKR"]
[SourceTitle "EXT 2019"]
[Source "ChessBase"]
[SourceDate "2018.10.10"]
[SourceVersion "1"]
[SourceVersionDate "2018.10.10"]
[SourceQuality "1"]
[WhiteTeam "Dnipro Dnipropetrovsk"]
[BlackTeam "Kherson Rudenko School"]
[WhiteTeamCountry "UKR"]
[BlackTeamCountry "UKR"]

1. d4 d5 2. Nf3 Nf6 3. c4 dxc4 4. e3 e6 5. Bxc4 c5 6. 0-0 a6 7. a4 Nc6 8. Qe2 Qc7 9. Rd1 Bd6 10. Nc3 0-0 11. h3 b6 12. d5 exd5 13. Bxd5 Bb7 14. e4 Rae8 15. Bg5 Nd4 16. Qd3 Nxd5 17. exd5 f6 18. Bh4 Nb3 19. Nb5 axb5 20. Qxb3 b4 21. Nd2 Ba6 22. Bg3 Re2 23. Nf1 Rfe8 24. Rab1 Qe7 25. Qf3 Re4 26. Bxd6 Qxd6 27. Ne3 Qf4 28. Qxf4 Rxf4 29. d6 Rd8 30. Nd5 Rd4 31. Ne7+ Kf7 32. Nc6 R8xd6 33. Nxd4 cxd4 34. Rd2 d3 35. Rc1 Rd4 36. f3 Bc4 37. Kf2 Ke6 38. Re1+ Kd7 39. Re4 Rxe4 40. fxe4 Kd6 41. b3 Ba6 42. Ke3 Ke5 43. Ra2 Kd6 44. a5 Kc6 45. axb6 Kxb6 46. Ra4 1-0

[Event "Wisla Hugart op (Women)"]
[Site "Warsaw"]
[Date "1999.??.??"]
[Round "3"]
[White "Guzik, Jolanta"]
[Black "Ruchieva, Natalia"]
[Result "0-1"]
[WhiteElo "2040"]
[BlackElo "2305"]
[PlyCount "90"]
[EventDate "1999.??.??"]
[EventType "swiss"]
[EventRounds "10"]
[EventCountry "POL"]
[SourceTitle "EXT 2000"]
[Source "ChessBase"]
[SourceDate "1999.11.16"]
[SourceVersion "1"]
[SourceVersionDate "1999.11.16"]
[SourceQuality "1"]

1. c4 e5 2. Nc3 Nc6 3. g3 g6 4. Bg2 d6 5. e3 Bg7 6. Nge2 Be6 7. d3 Qd7 8. Nd5 Nd8 9. Rb1 c6 10. Ndc3 Ne7 11. b3 0-0 12. Ba3 f5 13. Qd2 Nf7 14. f4 Rfe8 15. 0-0 Qc7 16. Rbc1 Qa5 17. Bb2 d5 18. Rfd1 dxc4 19. dxc4 Rad8 20. Qc2 Qb6 21. Kf2 exf4 22. Nxf4 Ne5 23. h3 Bf7 24. Na4 Qc7 25. Nc5 Nc8 26. Rxd8 Qxd8 27. Rd1 Qe7 28. Ncd3 g5 29. Ne2 f4 30. exf4 Nxd3+ 31. Rxd3 Bg6 32. Bxg7 Bxd3 33. Qxd3 Qxg7 34. fxg5 Qxg5 35. Be4 Qe7 36. Bf3 Nd6 37. Nf4 Nf7 38. Bg4 Qc5+ 39. Kg2 Rd8 40. Qe2 Qe5 41. Qf2 Qd4 42. Qf1 Qe4+ 43. Kg1 Qe3+ 44. Kh1 Rd2 45. Nh5 Qf2 0-1

[Event "Lvov (Women)"]
[Site "Lvov"]
[Date "1999.??.??"]
[Round "?"]
[White "Karlovich, Anastazia"]
[Black "Ruchieva, Natalia"]
[Result "0-1"]
[WhiteElo "2246"]
[BlackElo "2305"]
[PlyCount "116"]
[EventDate "1999.??.??"]
[EventType "tourn"]
[EventRounds "10"]
[EventCountry "UKR"]
[SourceTitle "EXT 2002"]
[Source "ChessBase"]
[SourceDate "2001.11.25"]
[SourceVersion "1"]
[SourceVersionDate "2001.11.25"]
[SourceQuality "1"]

1. e4 d5 2. exd5 Qxd5 3. Nc3 Qa5 4. d4 Nf6 5. Bc4 Bf5 6. Nf3 c6 7. Bd2 Qc7 8. Qe2 e6 9. 0-0 Nbd7 10. Rfe1 Bd6 11. d5 cxd5 12. Bxd5 a6 13. Nd4 Bg4 14. Bf3 Bxh2+ 15. Kf1 Bxf3 16. Nxf3 Bf4 17. Bxf4 Qxf4 18. Rad1 0-0 19. Rd4 Qc7 20. Red1 Nb6 21. Qe5 Rac8 22. Qxc7 Rxc7 23. Ne5 g6 24. Rd6 Nc4 25. Nxc4 Rxc4 26. Rb6 Rc7 27. Rd4 Re8 28. Rdb4 Ree7 29. Ke1 Kf8 30. f3 h5 31. Kf2 Ke8 32. Kg3 Kd8 33. Rf4 Ne8 34. Rd4+ Red7 35. Rxd7+ Rxd7 36. Ne4 Kc7 37. Rb3 b6 38. Kf4 f6 39. Rc3+ Kb7 40. Rb3 Rc7 41. c3 e5+ 42. Ke3 Rc6 43. Kd3 Nc7 44. a4 Ne6 45. Ke3 f5 46. Nf2 Rd6 47. a5 b5 48. Ra3 Nc5 49. b4 Nd7 50. Nd3 Re6 51. Ra1 g5 52. Nf2 Rc6 53. Rc1 h4 54. Nh3 Rg6 55. Rd1 Kc6 56. Rd2 g4 57. fxg4 Rxg4 58. Nf2 Rg3+ 0-1

[Event "Lvov (Women)"]
[Site "Lvov"]
[Date "1999.??.??"]
[Round "?"]
[White "Makovetskaya, Elena"]
[Black "Ruchieva, Natalia"]
[Result "1-0"]
[WhiteElo "2205"]
[BlackElo "2305"]
[PlyCount "91"]
[EventDate "1999.??.??"]
[EventType "tourn"]
[EventRounds "10"]
[EventCountry "UKR"]
[SourceTitle "EXT 2002"]
[Source "ChessBase"]
[SourceDate "2001.11.25"]
[SourceVersion "1"]
[SourceVersionDate "2001.11.25"]
[SourceQuality "1"]

1. e4 e5 2. Bc4 Nf6 3. d3 d6 4. Nf3 h6 5. c3 g6 6. 0-0 Bg7 7. Nbd2 0-0 8. Re1 Qe7 9. Bb3 Be6 10. Bc2 Nbd7 11. Nf1 Rad8 12. Ng3 c5 13. h3 Nb6 14. Qe2 Nh7 15. Nh2 c4 16. Ng4 cxd3 17. Bxd3 Qh4 18. Nh2 Rc8 19. Be3 d5 20. Bxb6 axb6 21. Nf3 Qf4 22. Qe3 Qxe3 23. fxe3 dxe4 24. Bxe4 Rc7 25. Red1 Nf6 26. Bc2 Ra8 27. a3 Nd7 28. Ne4 Bf8 29. Nd6 Bxd6 30. Rxd6 Kf8 31. Rad1 Ke7 32. e4 Ra5 33. g4 Bc4 34. Kf2 Rac5 35. b4 R5c6 36. Rxd7+ Rxd7 37. Rxd7+ Kxd7 38. Nxe5+ Ke6 39. Nxc6 bxc6 40. h4 Ke5 41. Ke3 g5 42. hxg5 hxg5 43. a4 Be6 44. Bd1 Bc8 45. Be2 f6 46. a5 1-0

[Event "Wisla Hugart op (Women)"]
[Site "Warsaw"]
[Date "1999.??.??"]
[Round "7"]
[White "Medunova, Vera"]
[Black "Ruchieva, Natalia"]
[Result "0-1"]
[WhiteElo "2170"]
[BlackElo "2305"]
[PlyCount "108"]
[EventDate "1999.??.??"]
[EventType "swiss"]
[EventRounds "10"]
[EventCountry "POL"]
[SourceTitle "EXT 2000"]
[Source "ChessBase"]
[SourceDate "1999.11.16"]
[SourceVersion "1"]
[SourceVersionDate "1999.11.16"]
[SourceQuality "1"]

1. e4 d5 2. exd5 Qxd5 3. Nc3 Qa5 4. d4 Nf6 5. Bc4 c6 6. Nf3 Bf5 7. Ne5 e6 8. Bd2 Qb6 9. Qe2 Qxd4 10. 0-0-0 Bd6 11. Nxf7 Kxf7 12. Be3 Qe5 13. f4 Qa5 14. Rxd6 Re8 15. Bd4 Qb4 16. Be5 Nbd7 17. a3 Qa5 18. g4 Nxe5 19. gxf5 Nxc4 20. Qxc4 Qxf5 21. Re1 g6 22. Re5 Qg4 23. Kb1 Re7 24. h3 Qg1+ 25. Ka2 Rae8 26. f5 gxf5 27. Rxf5 Qg6 28. Rf2 Kg7 29. Qf1 Qh6 30. Rd3 Nd5 31. Ne4 e5 32. Rg3+ Kh8 33. Nf6 Rf8 34. Rgf3 Nxf6 35. Rxf6 Rxf6 36. Rxf6 Qg5 37. Rf5 Qg8+ 38. b3 Qg6 39. Rf6 Qxc2+ 40. Ka1 Qc3+ 41. Ka2 e4 42. Rf8+ Kg7 43. Rf2 Re8 44. Rf7+ Kg8 45. Qf5 Qc2+ 46. Ka1 Qc1+ 47. Ka2 Qd2+ 48. Kb1 Qh6 49. Rxb7 Rf8 50. Qg4+ Kh8 51. Kc2 Rf2+ 52. Kc3 Qd2+ 53. Kc4 Qd5+ 54. Kb4 c5+ 0-1

[Event "Lvov (Women)"]
[Site "Lvov"]
[Date "1999.??.??"]
[Round "?"]
[White "Ruchieva, Natalia"]
[Black "Lagvilava, Genrieta"]
[Result "0-1"]
[WhiteElo "2305"]
[BlackElo "2264"]
[PlyCount "98"]
[EventDate "1999.??.??"]
[EventType "tourn"]
[EventRounds "10"]
[EventCountry "UKR"]
[SourceTitle "EXT 2002"]
[Source "ChessBase"]
[SourceDate "2001.11.25"]
[SourceVersion "1"]
[SourceVersionDate "2001.11.25"]
[SourceQuality "1"]

1. e4 c6 2. Nc3 d5 3. Nf3 g6 4. d4 Bg7 5. h3 dxe4 6. Nxe4 Nd7 7. Bc4 Ndf6 8. Neg5 Nh6 9. 0-0 0-0 10. Bb3 Nf5 11. Ne5 Nd5 12. Ne4 Qc7 13. Nf3 e6 14. c3 b6 15. Bc4 Bb7 16. Re1 c5 17. dxc5 bxc5 18. Qe2 a5 19. a4 h6 20. Ra3 Kh7 21. Rb3 Nb6 22. Bb5 c4 23. Ra3 Rac8 24. Nh2 Nd5 25. Ng4 Nf4 26. Bxf4 Qxf4 27. Ngf6+ Kh8 28. Nd7 Rfd8 29. Nb6 Nh4 30. Qg4 Qxg4 31. hxg4 Rc7 32. f3 f5 33. gxf5 exf5 34. Nf2 Bxf3 35. gxf3 Nxf3+ 36. Kf1 Nxe1 37. Kxe1 Re7+ 38. Kf1 Rd2 39. Nxc4 Rc2 40. Ra1 Ree2 41. Nd3 Rh2 42. Kg1 Rcg2+ 43. Kf1 Rg3 44. Ne1 Bf8 45. Bc6 Bc5 46. Bg2 Rgxg2 47. Nxg2 Rh1+ 48. Ke2 Rxa1 49. Nh4 Kg7 0-1

[Event "RUS-ch (Women)"]
[Site "Elista"]
[Date "1998.04.27"]
[Round "3.4"]
[White "Ruchieva, Natalia"]
[Black "Prudnikova, Svetlana"]
[Result "0-1"]
[WhiteElo "2295"]
[BlackElo "2420"]
[PlyCount "86"]
[EventDate "1998.04.20"]
[EventType "k.o."]
[EventRounds "5"]
[EventCountry "RUS"]
[SourceTitle "CBM 064 Extra"]
[Source "ChessBase"]
[SourceDate "1998.07.07"]
[SourceVersion "1"]
[SourceVersionDate "1998.07.07"]
[SourceQuality "1"]

1. e4 c5 2. c3 d5 3. exd5 Qxd5 4. d4 Nc6 5. Nf3 Nf6 6. Be2 cxd4 7. cxd4 e6 8. 0-0 Be7 9. Nc3 Qd6 10. Be3 0-0 11. Rc1 Rd8 12. Qd2 Nd5 13. Ne4 Qb4 14. Qc2 Bd7 15. a3 Qb6 16. Nc5 Be8 17. Bd3 g6 18. h4 Rac8 19. h5 Nxe3 20. fxe3 Bxc5 21. dxc5 Qc7 22. Qc3 Qe7 23. Be4 f5 24. Bb1 g5 25. h6 Rc7 26. Ba2 Bg6 27. Qg7+ Qxg7 28. hxg7 h6 29. Bxe6+ Kxg7 30. Ba2 Rd3 31. Rfe1 Re7 32. Kf2 Ne5 33. Nxe5 Rxe5 34. b4 Rxa3 35. Bc4 a6 36. Rcd1 Re7 37. Rd6 Rc3 38. Bd5 a5 39. bxa5 Rxc5 40. Rb1 Rxa5 41. Rbb6 Be8 42. Bxb7 Ra2+ 43. Kf1 Rc7 0-1

[Event "RUS-ch (Women)"]
[Site "Elista"]
[Date "1998.04.23"]
[Round "2.2"]
[White "Ruchieva, Natalia"]
[Black "Fatalibekova, Elena"]
[Result "1/2-1/2"]
[WhiteElo "2295"]
[BlackElo "2220"]
[PlyCount "100"]
[EventDate "1998.04.20"]
[EventType "k.o."]
[EventRounds "5"]
[EventCountry "RUS"]
[SourceTitle "CBM 064 Extra"]
[Source "ChessBase"]
[SourceDate "1998.07.07"]
[SourceVersion "1"]
[SourceVersionDate "1998.07.07"]
[SourceQuality "1"]

1. e4 c5 2. c3 d5 3. exd5 Qxd5 4. d4 Nc6 5. Nf3 Nf6 6. Be2 e6 7. 0-0 cxd4 8. cxd4 Be7 9. Nc3 Qd6 10. Bg5 0-0 11. Qd2 Nd5 12. Rfd1 Bxg5 13. Qxg5 h6 14. Qd2 b6 15. Rac1 Nxc3 16. bxc3 Bb7 17. c4 Rfd8 18. Qe3 Rac8 19. c5 bxc5 20. dxc5 Qe7 21. a3 Rxd1+ 22. Bxd1 Qc7 23. Bc2 Ne7 24. Nd4 Bd5 25. Nb5 Qa5 26. Nd6 Rc7 27. Rb1 f5 28. Rb5 Qa6 29. Rb8+ Kh7 30. Ne8 Rc8 31. Qe5 Rxe8 32. Rxe8 Qxa3 33. h4 Qc1+ 34. Kh2 Ng6 35. Bxf5 exf5 36. Qxd5 Qf4+ 37. Kg1 Qc1+ 38. Kh2 Qf4+ 39. g3 Qxf2+ 40. Kh3 Qf1+ 41. Qg2 Qc4 42. c6 Qc3 43. Kh2 Ne5 44. Rxe5 Qxe5 45. Qc2 Qc7 46. Qxf5+ Kg8 47. Qd7 Qe5 48. Kh3 Qe4 49. c7 Qh1+ 50. Kg4 Qe4+ 1/2-1/2